000 00868nam a2200253Ia 4500
003 OSt
005 20221005112555.0
006 a|||||r|||| 00| 0
007 ta
008 221004b |||||||| |||| 00| 0 pan d
020 _a9789352042357 (hbk)
_cIndian Rupees 595
024 _a39440
037 _bGift, 18/09/2018,
_cTextual
040 _aCRL
_cCRL
_bpan
041 _2pan
_apan
082 _aQ22:315, 153Q5
100 _aਕੌਰ, ਹਰਸਿਮਰਨ, ਂਚ.
245 0 _aਕ੍ਰਿFਨ
_b ਮਿਥ ਅਤੇ ਲੋਕਧਾਰਾ
260 _aਚੰਡੀਗੜ੍ਹ
_bਯੂਨੀਸਟਾਰ ਭਾਰਤ
_c2015
300 _a224ਪ0
_ccm.
650 _aਹਿੰਦੂ ਧਰਮ
_9160881
942 _hQ22:315, 153Q5
_cTEXL
_2cc
999 _c1025299
_d1025299